Normal view
MARC view
- ALI,ABDULLAH,AMINA
Entry Personal Name
001 - CONTROL NUMBER
- control field: 71636
003 - CONTROL NUMBER IDENTIFIER
- control field: NUST
005 - DATE AND TIME OF LATEST TRANSACTION
- control field: 20210628204646.0
008 - FIXED-LENGTH DATA ELEMENTS
- fixed length control field: 210628|| aca||aabn | a|a d
040 ## - CATALOGING SOURCE
- Original cataloging agency: NUST
- Transcribing agency: NUST
100 ## - HEADING--PERSONAL NAME
- Personal name: ALI,ABDULLAH,AMINA
670 ## - SOURCE DATA FOUND
- Source citation: Work cat.: (NUST): ALI,ABDULLAH,AMINA , PR-SOF-1349-BRAIN COMPUTER INTERFACE-CLASSIFICATION OF FLEXION & EXTENSION MOVEMENTS OF ELBOW & WRIST USING EEG, 2014
